000 00485 a2200169 4500
001 066569
003 OSt
005 20211001151048.0
008
082 _a792.095409
_bD46T
100 1 _aDharwadker, Aparna Bhargava
245 1 _aTheatres of independence
_cby Aparna Bhargava Dharwadker
260 _aNew Delhi
_bOxford University Press
_c2008
300 _a478p.
690 _aTheater; Theater and society; India; Indic drama
942 _2ddc
_cBK
999 _c613
_d613